[Event "Mittelrhein Verbandsliga-S 17/18"]
[Site "Nordrheinwestfalen"]
[Date "2018.02.25"]
[Round "8.6"]
[White "Weisshuhn, Gunnar"]
[Black "Resnjanskij, Denis"]
[Result "0-1"]
[WhiteElo "1944"]
[BlackElo "1885"]
[PlyCount "104"]
[EventDate "2017.09.10"]
[EventType "team-tourn"]
[EventRounds "11"]
[EventCountry "GER"]
[SourceTitle "EXT 2022"]
[Source "ChessBase"]
[SourceDate "2021.10.06"]
[SourceVersion "1"]
[SourceVersionDate "2021.10.06"]
[SourceQuality "1"]
[WhiteTeam "Euskirchen Turm"]
[BlackTeam "Porz SG III"]
[WhiteTeamCountry "GER"]
[BlackTeamCountry "GER"]

1. d4 d5 2. Nf3 Nf6 3. c4 e6 4. g3 Nbd7 5. Bg2 c6 6. cxd5 exd5 7. Nc3 Bd6 8. 0-0 0-0 9. Qc2 Re8 10. Bg5 Qb6 11. Bxf6 Nxf6 12. e3 g6 13. Nh4 Bg4 14. Rab1 a5 15. a3 Qd8 16. b4 axb4 17. axb4 Qe7 18. b5 Bd7 19. bxc6 Bxc6 20. Bh3 Ra5 21. Ra1 Rea8 22. Rxa5 Rxa5 23. Rb1 Qd8 24. Bf1 Qa8 25. Bd3 Kg7 26. Nf3 Qe8 27. Nd2 Qa8 28. f3 Ra1 29. Qb2 Rxb1+ 30. Ndxb1 Qa5 31. Bb5 Bb4 32. Bxc6 bxc6 33. Ne2 h5 34. Nbc3 Nd7 35. e4 Nb6 36. Qc1 Nc4 37. Kg2 Ba3 38. Qf4 Bb2 39. exd5 cxd5 40. Ne4 dxe4 41. Qxe4 Qf5 42. h3 Qxe4 43. fxe4 Nd2 44. g4 hxg4 45. hxg4 Nxe4 46. Kf3 Nd6 47. Kf4 Kf6 48. Ke3 Kg5 49. Kf3 Nb5 50. d5 Nd4+ 51. Nxd4 Bxd4 52. Ke4 Bb6 0-1

[Event "Jersey op"]
[Site "St Clement Bay"]
[Date "2017.04.03"]
[Round "4"]
[White "Thalwitzer, David"]
[Black "Resnjanskij, Denis"]
[Result "1/2-1/2"]
[WhiteElo "2114"]
[BlackElo "2042"]
[PlyCount "74"]
[EventDate "2017.04.01"]
[EventType "swiss"]
[EventRounds "9"]
[EventCountry "GCI"]
[SourceTitle "CBM 177 Extra"]
[Source "ChessBase"]
[SourceDate "2017.04.27"]
[SourceVersion "1"]
[SourceVersionDate "2017.04.27"]
[SourceQuality "1"]

1. e4 c5 2. c3 Nf6 3. e5 Nd5 4. d4 cxd4 5. Nf3 Nc6 6. Bc4 Nb6 7. Bb3 d5 8. exd6 Qxd6 9. Na3 a6 10. Nc2 d3 11. Na3 Be6 12. Ng5 Qe5+ 13. Be3 d2+ 14. Qxd2 Bxb3 15. axb3 h6 16. Nf3 Qc7 17. 0-0 Rd8 18. Qe2 e6 19. Nd4 Be7 20. Qg4 Nxd4 21. Bxd4 Bf6 22. Bxb6 Qxb6 23. Qa4+ Kf8 24. Rad1 g6 25. Nc4 Qc7 26. Ne3 Kg7 27. Ng4 Rxd1 28. Rxd1 Rd8 29. b4 b5 30. Qc2 Bg5 31. g3 h5 32. Rxd8 Bxd8 33. Ne3 Bf6 34. Qd3 Qc6 35. Nf1 h4 36. gxh4 Bxh4 37. Ng3 Bxg3 1/2-1/2

[Event "Mittelrhein Regionalliga 16/17"]
[Site "Nordrheinwestfalen"]
[Date "2016.10.23"]
[Round "3.6"]
[White "Albrecht, Oliver"]
[Black "Resnjanskij, Denis"]
[Result "1/2-1/2"]
[WhiteElo "2112"]
[BlackElo "1904"]
[PlyCount "103"]
[EventDate "2016.09.11"]
[EventType "team-tourn"]
[EventRounds "11"]
[EventCountry "GER"]
[SourceTitle "EXT 2022"]
[Source "ChessBase"]
[SourceDate "2021.10.06"]
[SourceVersion "1"]
[SourceVersionDate "2021.10.06"]
[SourceQuality "1"]
[WhiteTeam "Bonn Beuel"]
[BlackTeam "Porz SG III"]
[WhiteTeamCountry "GER"]
[BlackTeamCountry "GER"]

1. e4 c5 2. Nf3 e6 3. c3 d5 4. exd5 exd5 5. d4 Nc6 6. Be3 cxd4 7. Nxd4 Nf6 8. Be2 Be7 9. 0-0 0-0 10. Nd2 a6 11. N2f3 Re8 12. Qb3 Na5 13. Qc2 Nc4 14. Bf4 Nh5 15. Bc1 g6 16. Nd2 Nxd2 17. Bxd2 Ng7 18. Be3 Bg5 19. Bxg5 Qxg5 20. Bf3 Nf5 21. Nxf5 Bxf5 22. Qb3 Be4 23. Bxe4 dxe4 24. Qxb7 Rab8 25. Qxa6 Rxb2 26. Rab1 Qd2 27. Rxb2 Qxb2 28. Qc4 Qc2 29. a4 Ra8 30. a5 Rxa5 31. Qb4 Rd5 32. h3 Rd3 33. Qb8+ Kg7 34. Qe5+ Kg8 35. Qxe4 Rxc3 36. Qe8+ Kg7 37. Qe5+ Kg8 38. Ra1 Rc8 39. h4 h5 40. g3 Qc3 41. Qxc3 Rxc3 42. Ra7 Kg7 43. Kf1 Rc2 44. Ra3 Kf6 45. Kg2 Rb2 46. Kf3 Rb6 47. Ke3 Re6+ 48. Kf4 Rb6 49. Ra4 Rb5 50. f3 Rf5+ 51. Ke3 Rb5 52. Rc4 1/2-1/2

[Event "Mittelrhein Regionalliga 15/16"]
[Site "Nordrheinwestfalen"]
[Date "2016.03.13"]
[Round "8.5"]
[White "Resnjanskij, Denis"]
[Black "Huelsmann, Josef"]
[Result "1/2-1/2"]
[WhiteElo "1925"]
[BlackElo "2133"]
[PlyCount "102"]
[EventDate "2015.09.27"]
[EventType "team-tourn"]
[EventRounds "9"]
[EventCountry "GER"]
[SourceTitle "EXT 2022"]
[Source "ChessBase"]
[SourceDate "2021.10.06"]
[SourceVersion "1"]
[SourceVersionDate "2021.10.06"]
[SourceQuality "1"]
[WhiteTeam "Porz SG III"]
[BlackTeam "Langenfeld"]
[WhiteTeamCountry "GER"]
[BlackTeamCountry "GER"]

1. e4 e6 2. d4 d5 3. Nc3 Nf6 4. Bg5 Bb4 5. e5 h6 6. Bd2 Bxc3 7. Bxc3 Ne4 8. Bd3 Nxc3 9. bxc3 c5 10. f4 Qa5 11. Qd2 Nc6 12. Nf3 Bd7 13. Rb1 cxd4 14. cxd4 Qxd2+ 15. Kxd2 b6 16. Bb5 Na5 17. Ba6 Ke7 18. Kd3 Rab8 19. Bb5 Rhc8 20. Nd2 Rc7 21. c3 Rbc8 22. Rhc1 Bxb5+ 23. Rxb5 Rc6 24. Rb4 Kd7 25. Nb3 Nc4 26. Nd2 R8c7 27. Nxc4 Rxc4 28. Rxc4 dxc4+ 29. Ke4 Kc6 30. g4 Rd7 31. f5 b5 32. h4 a5 33. a3 Rb7 34. Rc2 Rd7 35. Rf2 b4 36. cxb4 axb4 37. axb4 Kb5 38. fxe6 fxe6 39. Rf8 Rc7 40. d5 exd5+ 41. Kxd5 c3 42. Rf1 c2 43. Rc1 Kxb4 44. Kd6 Rc4 45. e6 Kb3 46. e7 Re4 47. Kd7 Rd4+ 48. Ke6 Re4+ 49. Kf7 Rf4+ 50. Ke6 Re4+ 51. Kd7 Rd4+ 1/2-1/2

[Event "Plzen op 7th"]
[Site "Plzen"]
[Date "2015.11.22"]
[Round "1"]
[White "Leseticky, Vladimir"]
[Black "Resnjanskij, Denis"]
[Result "0-1"]
[WhiteElo "1658"]
[BlackElo "2087"]
[PlyCount "58"]
[EventDate "2015.11.22"]
[EventType "swiss"]
[EventRounds "7"]
[EventCountry "CZE"]
[SourceTitle "CBM 169 Extra"]
[Source "ChessBase"]
[SourceDate "2015.12.18"]
[SourceVersion "1"]
[SourceVersionDate "2015.12.18"]
[SourceQuality "1"]

1. e4 d5 2. exd5 Qxd5 3. Nc3 Qa5 4. d4 Nf6 5. Nf3 c6 6. Be2 Bg4 7. 0-0 Nbd7 8. Bd2 Qc7 9. Ng5 Bxe2 10. Qxe2 h6 11. Nge4 0-0-0 12. a4 Nxe4 13. Nxe4 Nf6 14. Nxf6 exf6 15. Qg4+ Qd7 16. Qxd7+ Rxd7 17. Be3 f5 18. Rad1 g5 19. d5 c5 20. f3 Bd6 21. b4 cxb4 22. Bxa7 Rc7 23. Bd4 Re8 24. Rc1 Bf4 25. Bb6 Bxc1 26. Rxc1 Rc4 27. Kf1 b3 28. c3 Rxa4 29. c4 b2 0-1

[Event "Mittelrhein Verbandsliga Ost 1415"]
[Site "Mittelrhein"]
[Date "2015.02.22"]
[Round "8.5"]
[White "Resnjanskij, Denis"]
[Black "Kessler, Ulrich"]
[Result "1-0"]
[WhiteElo "1955"]
[BlackElo "1917"]
[PlyCount "71"]
[EventDate "2014.09.07"]
[EventType "team-tourn"]
[EventRounds "11"]
[EventCountry "GER"]
[SourceTitle "EXT 2023"]
[Source "ChessBase"]
[SourceDate "2022.10.05"]
[SourceVersion "1"]
[SourceVersionDate "2022.10.05"]
[SourceQuality "1"]
[WhiteTeam "Koeln Porz III"]
[BlackTeam "Troisdorf"]
[WhiteTeamCountry "GER"]
[BlackTeamCountry "GER"]

1. e4 e6 2. d4 d5 3. Nc3 Bb4 4. e5 c5 5. a3 Bxc3+ 6. bxc3 Ne7 7. Nf3 Nbc6 8. Bd3 Qa5 9. 0-0 c4 10. Be2 Qxc3 11. Bd2 Qb2 12. Rb1 Qxa3 13. Ra1 Qb2 14. Rb1 Qa3 15. c3 Qa5 16. Ng5 h6 17. Nh3 Qd8 18. Nf4 Na5 19. Nh5 Kf8 20. Bc1 g6 21. Nf6 Kg7 22. f4 Nb3 23. Ba3 Ng8 24. Bd6 Nxf6 25. exf6+ Kg8 26. Be7 Qa5 27. Bb4 Qb6 28. Bh5 Kh7 29. Rf3 Bd7 30. Rg3 Be8 31. Bg4 Qc7 32. Rf3 Bd7 33. Qe1 e5 34. Bxd7 e4 35. Rh3 Qxd7 36. Rxh6+ 1-0

[Event "Mittelrhein Verbandsliga Ost 1415"]
[Site "Mittelrhein"]
[Date "2014.12.07"]
[Round "5.4"]
[White "Wuescht, Josef"]
[Black "Resnjanskij, Denis"]
[Result "0-1"]
[WhiteElo "1871"]
[BlackElo "1955"]
[PlyCount "68"]
[EventDate "2014.09.07"]
[EventType "team-tourn"]
[EventRounds "11"]
[EventCountry "GER"]
[SourceTitle "EXT 2023"]
[Source "ChessBase"]
[SourceDate "2022.10.05"]
[SourceVersion "1"]
[SourceVersionDate "2022.10.05"]
[SourceQuality "1"]
[WhiteTeam "Fritzdorf"]
[BlackTeam "Koeln Porz III"]
[WhiteTeamCountry "GER"]
[BlackTeamCountry "GER"]

1. d4 d5 2. c4 e6 3. e3 c5 4. cxd5 exd5 5. Nf3 Nf6 6. Nc3 Nc6 7. dxc5 Bxc5 8. Bb5 0-0 9. 0-0 Bg4 10. Be2 Rc8 11. h3 Bh5 12. a3 a6 13. b4 Ba7 14. Bb2 Bb8 15. Nh2 Qd6 16. g3 Bg6 17. Re1 Rfd8 18. Bf3 Ne5 19. Be2 Nc4 20. Bxc4 Rxc4 21. Rc1 Rh4 22. Ng4 Rxh3 23. Nxf6+ gxf6 24. Qf3 Rh5 25. Red1 Rf5 26. Qg2 Bh5 27. Rd4 Bf3 28. Qh3 Qe6 29. Rh4 h5 30. Re1 Bg4 31. Qg2 d4 32. Rxg4+ hxg4 33. Ne4 dxe3 34. fxe3 Rf3 0-1

[Event "Mittelrhein Verbandsliga Ost 1415"]
[Site "Mittelrhein"]
[Date "2014.11.09"]
[Round "4.4"]
[White "Resnjanskij, Denis"]
[Black "Schniggenberg, Gerd"]
[Result "1-0"]
[WhiteElo "1955"]
[BlackElo "1939"]
[PlyCount "55"]
[EventDate "2014.09.07"]
[EventType "team-tourn"]
[EventRounds "11"]
[EventCountry "GER"]
[SourceTitle "EXT 2023"]
[Source "ChessBase"]
[SourceDate "2022.10.05"]
[SourceVersion "1"]
[SourceVersionDate "2022.10.05"]
[SourceQuality "1"]
[WhiteTeam "Koeln Porz III"]
[BlackTeam "Godesberg IV"]
[WhiteTeamCountry "GER"]
[BlackTeamCountry "GER"]

1. d4 Nf6 2. c4 e6 3. Nf3 b6 4. Nc3 Bb7 5. Qc2 d5 6. Bg5 Be7 7. 0-0-0 Nbd7 8. e3 Rc8 9. Ne5 0-0 10. f4 dxc4 11. e4 Ne8 12. Bxe7 Qxe7 13. Nxd7 Qxd7 14. Bxc4 Qe7 15. Rhe1 c5 16. d5 Nd6 17. Bf1 exd5 18. exd5 Qf6 19. Qf2 Rce8 20. Bd3 Rxe1 21. Rxe1 Re8 22. Rxe8+ Nxe8 23. Qe3 Kf8 24. Qe5 Qxe5 25. fxe5 f6 26. d6 Bc6 27. Bb5 Bxb5 28. Nxb5 1-0

[Event "Mittelrhein Verbandsliga Ost 1314"]
[Site "Mittelrhein"]
[Date "2013.11.24"]
[Round "4.5"]
[White "Resnjanskij, Denis"]
[Black "Flagmeier, Reiner"]
[Result "1/2-1/2"]
[WhiteElo "1988"]
[BlackElo "1779"]
[PlyCount "102"]
[EventDate "2013.09.15"]
[EventType "team-tourn"]
[EventRounds "11"]
[EventCountry "GER"]
[SourceTitle "EXT 2023"]
[Source "ChessBase"]
[SourceDate "2022.10.05"]
[SourceVersion "1"]
[SourceVersionDate "2022.10.05"]
[SourceQuality "1"]
[WhiteTeam "Koeln Porz III"]
[BlackTeam "Siegburg"]
[WhiteTeamCountry "GER"]
[BlackTeamCountry "GER"]

1. d4 Nf6 2. Nf3 g6 3. g3 d5 4. Bg2 Bg7 5. 0-0 0-0 6. c4 c6 7. Ne5 Ng4 8. cxd5 Nxe5 9. dxe5 Bxe5 10. Nc3 cxd5 11. Bh6 Bg7 12. Bxg7 Kxg7 13. Nxd5 Nc6 14. Rc1 Be6 15. e4 f6 16. Qa4 Bxd5 17. exd5 Ne5 18. d6 Qxd6 19. Bxb7 Rab8 20. Rfd1 Qb6 21. Be4 Rfd8 22. Rxd8 Rxd8 23. Qc2 Qb4 24. a3 Qd4 25. h3 f5 26. Bg2 Rd7 27. Qc3 Qxc3 28. Rxc3 Rd1+ 29. Bf1 g5 30. f4 gxf4 31. gxf4 Ng6 32. Rc7 a5 33. Rc5 Rd2 34. Rxf5 Nh4 35. Rg5+ Kf6 36. Bg2 Rxb2 37. Bc6 Rc2 38. Rh5 Nf5 39. Be4 Rc1+ 40. Kf2 e6 41. Rxh7 Ra1 42. Bxf5 exf5 43. Kg3 Rxa3+ 44. Kh4 Rf3 45. Rh6+ Kg7 46. Ra6 Rxf4+ 47. Kg5 Rf1 48. Ra7+ Kh8 49. Rxa5 f4 50. Ra8+ Kg7 51. Ra7+ Kh8 1/2-1/2

[Event "Naujac op 15th"]
[Site "Naujac"]
[Date "2012.06.24"]
[Round "1"]
[White "Marholev, Dimitar"]
[Black "Resnjanskij, Denis"]
[Result "1-0"]
[WhiteElo "2370"]
[BlackElo "2134"]
[PlyCount "52"]
[EventDate "2012.06.24"]
[EventType "swiss"]
[EventRounds "9"]
[EventCountry "FRA"]
[SourceTitle "CBM 149 Extra"]
[Source "ChessBase"]
[SourceDate "2012.08.24"]
[SourceVersion "1"]
[SourceVersionDate "2012.08.24"]
[SourceQuality "1"]

1. e4 d5 2. exd5 Qxd5 3. Nc3 Qa5 4. d4 Nf6 5. Bc4 c6 6. Nf3 Bg4 7. h3 Bh5 8. g4 Bg6 9. Bd2 e6 10. g5 Nh5 11. Qe2 Bb4 12. a3 Nd7 13. 0-0-0 Qf5 14. Bd3 Nf4 15. Bxf5 Nxe2+ 16. Nxe2 Bxd2+ 17. Nxd2 Bxf5 18. Nc4 Ke7 19. Ng3 g6 20. Ne3 h6 21. h4 hxg5 22. hxg5 b5 23. b3 a5 24. c4 Rhc8 25. c5 Rab8 26. Ngxf5+ gxf5 1-0

[Event "Rostock  PSV op 03rd"]
[Site "Rostock"]
[Date "2003.08.30"]
[Round "6"]
[White "Resnjanskij, Denis"]
[Black "Herde, Dittmar"]
[Result "1-0"]
[WhiteElo "1953"]
[BlackElo "1773"]
[PlyCount "53"]
[EventDate "2003.08.28"]
[EventType "swiss"]
[EventRounds "7"]
[EventCountry "GER"]
[SourceTitle "EXT 2009"]
[Source "ChessBase"]
[SourceDate "2008.11.26"]
[SourceVersion "1"]
[SourceVersionDate "2008.11.26"]
[SourceQuality "1"]

1. d4 d5 2. c4 e6 3. Nc3 Nf6 4. Nf3 c6 5. Qc2 Nbd7 6. e3 Bd6 7. Bd2 0-0 8. Bd3 e5 9. dxe5 Nxe5 10. Nxe5 Bxe5 11. 0-0-0 dxc4 12. Bxc4 b5 13. Bd3 Qe7 14. f4 Bxc3 15. Bxc3 h6 16. e4 b4 17. Bd2 Rb8 18. b3 a5 19. Be3 Qb7 20. Bd4 Nd7 21. Qb2 f6 22. g4 c5 23. Be3 a4 24. g5 hxg5 25. Bc4+ Rf7 26. Bd5 Qa6 27. fxg5 1-0